Lagen i Elitserien i bandy (2020-21) - Statistics

General Stats
  • This quiz has been taken 16 times
  • The average score is 10 of 14
Answer Stats
Lag % Correct
Hammarby IF
93%
AIK
87%
Bollnäs GoIF
87%
IK Sirius
87%
Villa Lidköping BK
87%
Sandvikens AIK
80%
Västerås SK
80%
Edsbyns IF
73%
IFK Vänersborg
67%
Vetlanda BK
67%
IFK Motala
53%
Brobergs IF
47%
Frillesås
47%
IK Tellus
47%
No matching quizzes found
Score Distribution
Percent of People with Each Score
Percentile by Number Answered
Your Score History
You have not taken this quiz